Оманливий оркестр (Конфігурації) (Запис № 352881)

МАРК-запис
000 -Лідер
fixed length control field 00702nam a22002417a 4500
003 - Ідентифікатор контрольного номера
control field UA-OsUOA
001 - Контрольний номер
control field 66789
007 - Фіксоване поле фізичного опису
fixed length control field ta
008 - Елементи даних фіксованої довжини – загальна інформація
fixed length control field 20100128b un ||||| |||| 00| 0 ukr d
090 ## - Локальний шифр розміщення
Класифікаційний індекс УДК 821.161.2
Авторський знак (НП) В75
040 ## - Джерело каталогізації
Агенція оригінальної каталогізації UA-OsUOA
Мова каталогізації ukr
Агенція, яка здійснювала перезапис UA-OsUOA
Агенція, яка здійснювала модифікацію UA-OsUOA
041 ## - Код мови
Код мови тексту/ звукової доріжки чи окремого заголовка (П) ukr
080 ## - Індекс Універсальної десяткової класифікації
Індекс Універсальної десяткової класифікації (УДК) (НП) 821.161.2
020 ## - Міжнародний стандартний книжковий номер (ISBN)
Міжнародний стандартний книжковий номер (ISBN) (НП) 966-8547-65-9
100 ## - Основне введення – ім’я особи
Ім’я особи (НП) Воробйов М. П.
245 ## - Відомості про назву
Назва (НП) Оманливий оркестр (Конфігурації)
Решта назви (НП) поезії, щоденникові записи
260 ## - Публікація, розповсюдження і т.п. (Вихідні дані)
Місце публікації, розповсюдження і т.п. (П) К.
Ім’я/ наймення видавництва, розповсюджувача і т.п. (П) Просвіта
Дата публікації, розповсюдження і т.п. (П) 2006
300 ## - Фізичний опис
Обсяг 192 с.
650 #7 - Додаткове предметне введення – тематичний термін
Тематичний термін чи географічна назва, як елемент введення (НП) 82 Література. Літературознавство
Джерело заголовка чи терміна UDC
942 ## - Додаткові елементи входу (Коха)
Тип елемента Koha Книги
955 ## - Код типу видання за змістом
Код типу видання за змістом (НП) Літературно-художні видання
Фонди
Стан вилучень Стан втрат Джерело класифікації або схеми стелажів Стан уражень Не для кредиту Постійне місце розташування Поточне розміщення Дата придбання Джерело придбання Вартість, звичайна ціна покупки Інвентарний номер Усього замовленно Повний номер виклику Штрих-код Дата останнього перегляду Ціна ефективна від Тип елемента Koha Код колекції
    Universal Decimal Classification     АБ - Абонемент НБ АБ - Абонемент НБ 28/01/2010 7/2010 20.00 126030   821.161.2 В75 126030 21/02/2022 28/01/2010 Книги  
    Universal Decimal Classification     АБ - Абонемент НБ АБ - Абонемент НБ 28/01/2010 7/2010 20.00 126031   821.161.2 В75 126031 21/02/2022 28/01/2010 Книги  
    Universal Decimal Classification     АБ - Абонемент НБ АБ - Абонемент НБ 03/11/2017 48/2017 20.00 156643   821.161.2 В75 156643 06/02/2022 28/01/2010 Книги Колекція Жулинського М.Г.
    Universal Decimal Classification     АБ - Абонемент НБ АБ - Абонемент НБ 11/12/2017 54/2017 20.00 157461   821.161.2 В75 157461 06/02/2022 28/01/2010 Книги Колекція Жулинського М.Г.